Cine en Colombia : (Registro nro. 30402)

Detalles MARC
000 -CABECERA
Longitud fija campo de control 00946nam a2200229 a 4500
003 - • IDENTIFICADOR DELl NÚMERO DE CONTROL
Identificador del número de control CO-ViMGA
008 - • CÓDIGOS DE INFORMACIÓN DE LONGITUD FIJA
Códigos de información de longitud fija 141112s2004 ck r 000 u spa d
020 ## - • NÚMERO INTERNACIONAL NORMALIZADO PARA LIBROS
Número Internacional Normalizado para Libros (ISBN) 958701720X
040 ## - FUENTE DE LA CATALOGACIÓN
Centro catalogador de origen CO-ViMGA
Lengua de catalogación spa
Centro transcriptor CO-ViMGA
082 04 - • NÚMERO DE LA CLASIFICACIÓN DECIMAL DEWEY
Número de clasificación (R) 791.437 C177c
100 1# - • PUNTO DE ACCESO PRINCIPAL-NOMBRE DE PERSONA
Nombre de persona Castellanos Valenzuela, Gonzalo
245 10 - • TITULO PROPIAMENTE DICHO
Título Cine en Colombia :
Resto del título Sientalo, entiendalo y hágalo
300 ## - • DESCRIPCIÓN FÍSICA
Extensión 253.p
505 ## - • NOTA DE CONTENIDO CON FORMATO
Nota de contenido con formato El cine como cultura e industria 3 - - El sistema de financiación del cine en colombia 25 - - Los derechos de autor en la cinematografía 105
590 ## - NOTAS LOCALES
Nota local Forma de adquisición : Donación - - Precio : 15000 - - Proveedor : Fondo mixto de promoción cinematofráfica - - Fecha de adquisición : Julio 2007
650 14 - • PUNTO DE ACCESO ADICIONAL DE MATERIA - TÉRMINO DE MATERIA
Término de materia o nombre geográfico como elemento inicial CINE - COLOMBIA
650 14 - • PUNTO DE ACCESO ADICIONAL DE MATERIA - TÉRMINO DE MATERIA
Término de materia o nombre geográfico como elemento inicial CINE - PRODUCCION Y DIRECCION
650 14 - • PUNTO DE ACCESO ADICIONAL DE MATERIA - TÉRMINO DE MATERIA
Término de materia o nombre geográfico como elemento inicial INDUSTRIA CINEMATOGRAFICA
942 ## - ENTRADA DE ELEMENTOS AGREGADOS (KOHA)
Fuente de clasificaión o esquema Dewey Decimal Classification
Koha [por defecto] tipo de item LIbro

No hay ítems disponibles.










Instituto Departamental de Cultura del Meta - Red Departamental de Bibliotecas Públicas del Meta.